000 00838nam a2200181Ia 4500
008 100920s9999 xx 000 0 und d
082 _b45011
_a28 व 491 थ 70
100 _aनिजसुरे केशव.
245 _aफिरकी प्रयोगक्षम विनोदप्रचुर एकांकिका.
260 _bकेशव भिकाजी ढवळे प्रकाशन,मुंबई.
_c1970
300 _a31
_bसाधी
365 _b1
520 _aबा.वि.नाटक.
630 _aफिरकी प्रयोगक्षम विनोदप्रचुर एकांकिका.
650 _aबा.वि.नाटक.
730 _aफिरकी प्रयोगक्षम विनोदप्रचुर एकांकिका.
942 _cBOOK
999 _c693481
_d693478